| 000 | 00714nam a2200241Ia 4500 | ||
|---|---|---|---|
| 003 | OSt | ||
| 005 | 20220918105536.0 | ||
| 006 | a|||||r|||| 00| 0 | ||
| 007 | ta | ||
| 008 | 220915b |||||||| |||| 00| 0 ara d | ||
| 024 | _a79,182 | ||
| 037 | _cReference Collections | ||
| 040 |
_aARTS _cARTS _bara |
||
| 041 |
_2ara _aara |
||
| 082 | _aP28:4k, 28P0 | ||
| 100 |
_aZamkhashri Kabeer Jarullah Abu Qasim Au. _92128 |
||
| 245 | 0 | _aAsas al-balaghat | |
| 260 |
_aBeirut _bDarul haya al-taras Lebanon _c1998 |
||
| 300 | _a847p. | ||
| 650 | _aARABIC LANGUAGE - DICTIONARY | ||
| 942 |
_hP28:4k, 28P0 _cREF |
||
| 999 |
_c107990 _d107990 |
||